The sun is also a star / (Record no. 5999)
[ view plain ]
| 000 -LEADER | |
|---|---|
| fixed length control field | 02509pam a2200313 i 4500 |
| 001 - CONTROL NUMBER | |
| control field | 5999 |
| 003 - CONTROL NUMBER IDENTIFIER | |
| control field | FISKH |
| 005 - DATE AND TIME OF LATEST TRANSACTION | |
| control field | 20250219110849.0 |
| 008 - FIXED-LENGTH DATA ELEMENTS--GENERAL INFORMATION | |
| fixed length control field | 750408s1975 nyu b 000 0 eng |
| 010 ## - LIBRARY OF CONGRESS CONTROL NUMBER | |
| LC control number | 75011852 |
| 020 ## - INTERNATIONAL STANDARD BOOK NUMBER | |
| International Standard Book Number | 0525474048 |
| 020 ## - INTERNATIONAL STANDARD BOOK NUMBER | |
| International Standard Book Number | 9780552577564 |
| Terms of availability | $13.50 |
| 040 ## - CATALOGING SOURCE | |
| Original cataloging agency | DLC |
| Transcribing agency | DLC |
| Modifying agency | DLC |
| Language of cataloging | eng813.6 LCC PZ7.Y66 S |
| 050 ## - LIBRARY OF CONGRESS CALL NUMBER | |
| Classification number | PZ7.Y66 S |
| 082 ## - DEWEY DECIMAL CLASSIFICATION NUMBER | |
| Classification number | 813.6 |
| 100 1# - MAIN ENTRY--PERSONAL NAME | |
| Personal name | Rudhyar, Dane, |
| Dates associated with a name | 1895-1985. |
| 245 14 - TITLE STATEMENT | |
| Title | The sun is also a star / |
| Statement of responsibility, etc. | Nicola Yoon |
| 250 ## - EDITION STATEMENT | |
| Edition statement | This edition published 2019 |
| 260 ## - PUBLICATION, DISTRIBUTION, ETC. | |
| Place of publication, distribution, etc. | London : |
| Name of publisher, distributor, etc. | Corgi Books, |
| Date of publication, distribution, etc. | 2016 |
| 300 ## - PHYSICAL DESCRIPTION | |
| Extent | 348 pages : |
| Dimensions | color illustrations ; |
| Other physical details | 20 cm |
| 504 ## - BIBLIOGRAPHY, ETC. NOTE | |
| Bibliography, etc. note | Includes bibliographical references. |
| 520 ## - SUMMARY, ETC. | |
| Summary, etc. | The #1 New York Times bestseller and National Book Award Finalist from the bestselling author of Everything, Everything will have you falling in love with Natasha and Daniel as they fall in love with each other.<br/>Natasha: I�m a girl who believes in science and facts. Not fate. Not destiny. Or dreams that will never come true. Im definitely not the kind of girl who meets a cute boy on a crowded New York City street and falls in love with him. Not when my family is twelve hours away from being deported to Jamaica. Falling in love with him wont be my story.<br/>Daniel: Ive always been the good son, the good student, living up to my parents high expectations. Never the poet. Or the dreamer. But when I see her, I forget about all that. Something about Natasha makes me think that fate has something much more extraordinary in storefor both of us.<br/>The Universe: Every moment in our lives has brought us to this single moment. A million futures lie before us. Which one will come true? <br/>***<br/>"Beautifully crafted."People Magazine<br/>"A book that is very much about the many factors that affect falling in love, as much as it is about the very act itself . . . fans of Yoons first novel, Everything Everything, will find much to loveif not, morein what is easily an even stronger follow up." Entertainment Weekly<br/>"Transcends the limits of YA as a human story about falling in love and seeking out our futures." POPSUGAR.com<br/> |
| 650 #0 - SUBJECT ADDED ENTRY--TOPICAL TERM | |
| Topical term or geographic name entry element | Astrology. |
| Form subdivision | Contemporary fiction |
| 856 42 - ELECTRONIC LOCATION AND ACCESS | |
| Materials specified | Contributor biographical information |
| Uniform Resource Identifier | <a href="http://www.loc.gov/catdir/enhancements/fy0719/75011852-b.html">http://www.loc.gov/catdir/enhancements/fy0719/75011852-b.html</a> |
| 856 42 - ELECTRONIC LOCATION AND ACCESS | |
| Materials specified | Publisher description |
| Uniform Resource Identifier | <a href="http://www.loc.gov/catdir/enhancements/fy0719/75011852-d.html">http://www.loc.gov/catdir/enhancements/fy0719/75011852-d.html</a> |
| 906 ## - LOCAL DATA ELEMENT F, LDF (RLIN) | |
| a | 7 |
| b | cbc |
| c | orignew |
| d | 1 |
| e | ocip |
| f | 19 |
| g | y-gencatlg |
| 942 ## - ADDED ENTRY ELEMENTS (KOHA) | |
| Source of classification or shelving scheme | Dewey Decimal Classification |
| Koha item type | Books |
| Suppress in OPAC | No |
| Withdrawn status | Lost status | Source of classification or shelving scheme | Damaged status | Not for loan | Collection | Home library | Current library | Shelving location | Date acquired | Total Checkouts | Full call number | Barcode | Date last seen | Price effective from | Koha item type |
|---|---|---|---|---|---|---|---|---|---|---|---|---|---|---|---|
| Dewey Decimal Classification | Fiction | Footprints International School Library Network Toul Kork Campus | Footprints International School Library Network Toul Kork Campus | A TK Campus, 4th Floor, Room B401, Fiction Bookcases (1-6) | 02/19/2025 | YOO 813.6 PZ7.Y66 S | 2025-0622 | 02/19/2025 | 02/19/2025 | Books |
